| 000 | 01559 a2200253 4500 | ||
|---|---|---|---|
| 005 | 20080918161547.0 | ||
| 008 | 080918t xxu||||| |||| 00| 0 hin d | ||
| 010 | _aHIN-81112 B-281260 | ||
| 020 |
_c200.00 _a8179651223 |
||
| 035 | _aHN-53458 B-281260 | ||
| 037 | _bD.B.Act / pub | ||
| 082 | _a659.1 | ||
| 100 | _aभाटिया, तारेश | ||
| 245 |
_aआधुनिक विज्ञापन और जनसम्पर्क _cसंपादक तारेश भाटिया |
||
| 246 |
_aAadhunik Vigyapan aur Jansampark _bby Ed: Taresh Bhatia |
||
| 250 | _a3रा संस्क | ||
| 260 |
_aनई दिल्ली _bतक्षशिला प्रकाशन _c2007 |
||
| 270 |
_a98-ए, हिन्दी पार्क, दरियागंज _bनई दिल्ली _e110002 _k011- 23258802, 65285328, 22513959 _l011 23258767 |
||
| 300 |
_a127पृ _c22 सेमी (सजिल्द) |
||
| 942 |
_adpl _cHN _k659.1 / भाटिया _2ddc _h659.1 _mभाटिया |
||
| 999 |
_c7765 _d7765 |
||